May 11th: Birthdays - Statistics

General Stats
  • This quiz has been taken 3 times
  • The average score is 2 of 7
Answer Stats
Year Clue Answer % Correct
1888 Considered one of the greatest songwriters in American history Irving Berlin
67%
1904 Painted Crucifixion Salvador Dali
67%
1933 Led Million Man March Louis Farrakhan
33%
1912 Sgt Bilko is adapted from his show Phil Silvers
33%
1982 Actor in Glee Cory Monteith
0%
1983 Acted as Felicity "Flick" Scully Holly Valance
0%
1963 Actress in Gothic Natasha Richardson
0%
No matching quizzes found
Score Distribution
Percent of People with Each Score
Percentile by Number Answered
Your Score History
You have not taken this quiz